| 000 | 00491nam a22001457a 4500 | ||
|---|---|---|---|
| 003 | 0 | ||
| 005 | 20230610085155.0 | ||
| 008 | 230610b xxu||||| |||| 00| 0 eng d | ||
| 050 |
_aQA76.76 _b.P36 2022 |
||
| 245 |
_aFarm-up: an android-based application targeted towars improving familial bonds _cPamintuan, Kenneth E.J. |
||
| 260 |
_aLas Pinas City _bSouthville International School and Colleges _cC2022 |
||
| 300 |
_ax,157pp. _c28cm. |
||
| 500 | _aAndroid based application. | ||
| 942 |
_2lcc _cTH |
||
| 999 |
_c364967 _d364967 |
||